000 00918cam a2200205 4500
001 ##L135138
008 060927n2006 000 0 eng u
035 _a(Sirsi) u135138
041 0 _aeng
050 0 4 _a551.52 $2 18
110 2 _aRoyal Institution of Chartered Surveyors
_94900
245 0 4 _aThe city climate challenge for 2050
_byour city - your responsibility
_bexecutive summary
260 _aLondon
_bRICS
_c2006
520 _aExecutive summary of research examining how UK towns and cities need to adapt and change to meet the challenge of a 60% reduction in carbon dioxide emissions by 2050. (For full report see L135099).
651 4 _aUnited Kingdom
_y
690 _aENVIRONMENTAL AND LAND CONSULTANCY-ENERGY
710 2 _aBrook Lyndhurst
_94663
856 4 0 _uhttps://www.rics.org/RICSWEB/getpage.aspx?p=4eOdn0ObLEO6mEXilWmIFw
_zView the executive summary free of charge at www.rics.org
942 _n0
999 _c105925
_d105925